000 01231nam a22002057a 4500
999 _c59096
_d59096
003 Ge_BSU
005 20221124154118.0
008 221124s1974ge xxu||||| |||| 00| 0 geo d
041 _ageo
080 _a821.113.5-2 ი-31
100 _aიბსენი, ჰენრიკ, ავტორი.
_916050
245 _aდრამები /
_cჰენრიკ იბსენი ; შესავალი წერილი და შენიშვნები დ. ლაშქარაძისა.
264 _aთბილისი :
_bსაბჭოთა საქართველო,
_c1974.
300 _a971 გვ. ;
_b21 სმ.
440 _aმსოფლიო ლიტერატურის ბიბლიოთეკა ; ტ. 52. სერია 1
_916051
653 _aდრამები
653 _aბრანდი ; პერ გიუნტი ; ნორა ანუ თოჯინების სახლი ; მოჩვენებანი ; ხალხის მტერი ; ჰედა გაბლერი.
700 _aლაშქარაძე, დ
_eშესავალი წერილი და შენიშვნები
_914588
942 _2udc
_cBK